Top 10 NBA Playoffs All-Time Leaders - Statistics

General Stats
  • This quiz has been taken 3,273 times
    1,097 since last reset
  • The average score is 24 of 34
Answer Stats
Player % Correct
LeBron James
100%
Michael Jordan
97%
Kobe Bryant
94%
Stephen Curry
94%
Shaquille O'Neal
92%
Kevin Durant
91%
Magic Johnson
91%
Bill Russell
90%
Kareem Abdul-Jabbar
90%
Wilt Chamberlain
90%
Tim Duncan
89%
Hakeem Olajuwon
87%
Jerry West
87%
John Stockton
87%
Karl Malone
86%
Larry Bird
86%
Chris Paul
82%
Scottie Pippen
82%
Tony Parker
78%
James Harden
76%
Manu Ginobili
72%
David Robinson
71%
Steve Nash
67%
Jason Kidd
64%
Robert Parish
62%
Kevin McHale
57%
Patrick Ewing
53%
Elgin Baylor
51%
Robert Horry
40%
Derek Fisher
35%
Rajon Rondo
33%
Wes Unseld
28%
Maurice Cheeks
12%
Serge Ibaka
11%
No matching quizzes found
Score Distribution
Percent of People with Each Score
Percentile by Number Answered
Your Score History
You have not taken this quiz since the last reset